[Event "Sollentuna op"]
[Site "Sollentuna"]
[Date "1995.??.??"]
[Round "8"]
[White "Ostergaard, Dan"]
[Black "Sjoberg, Mats"]
[Result "0-1"]
[WhiteElo "2245"]
[BlackElo "2435"]

1.e4 c5 2.Nf3 e6 3.d4 cxd4 4.Nxd4 a6 5.Nc3 Nc6 6.g3 Nge7 7.Nb3 Ng6 8.Bg2 Be7
9.Be3 Nge5 10.Qe2 b5 11.Nd5 Nc4 12.Nxe7 Qxe7 13.c3 O-O 14.O-O Nxe3 15.Qxe3 Ne5
16.Na5 Qd8 17.b4 Qc7 18.Qd4 Rb8 19.Rfd1 Bb7 20.h3 Rfc8 21.Nxb7 Rxb7 22.f4 Nc4
23.e5 Ra7 24.a4 bxa4 25.Bf1 Nb6 26.c4 a5 27.b5 Qc5 28.Bg2 Rac7 29.Qxc5 Rxc5
30.Rd6 Nxc4 31.Ra6 Rxb5 32.Bf1 g5 33.Rxa4 Rb1 34.Kf2 Nb6 35.R4xa5 Rc2+ 36.Be2 Rbb2
37.Kf3 Rb3+ 38.Kf2 Rbb2 39.Kf3 Rb3+ 40.Kf2 gxf4 41.gxf4 Rbb2 42.Kf3 Nd5 43.Bd3 Rf2+
44.Kg3 Rg2+ 45.Kh4 Nxf4 46.Be4 Rge2 47.Ra4 Kg7 48.Rd6 Ng6+ 49.Bxg6 hxg6 50.Rxd7 Rxe5
51.Raa7 Rf5 52.Kg3 Rbf2 53.Ra3 Rf1 54.Rb3 Rg5+ 55.Kh2 Rf2+ 56.Kh1 Rgg2 57.Ra3 Rh2+
58.Kg1 Rfg2+ 59.Kf1 Ra2  0-1

[Event "St Affrique op"]
[Site "St Affrique"]
[Date "1995.??.??"]
[Round "4"]
[White "Kuczynski, Robert"]
[Black "Brochet, Philippe"]
[Result "1-0"]
[WhiteElo "2480"]
[BlackElo "2230"]

1.e4 c5 2.Nf3 e6 3.Nc3 a6 4.d4 cxd4 5.Nxd4 Qc7 6.Be2 Nc6 7.O-O Nf6 8.Be3 Bb4
9.Na4 Be7 10.Nxc6 bxc6 11.Nb6 Rb8 12.Nxc8 Qxc8 13.e5 Nd5 14.Bc1 Bc5 15.c4 Ne7
16.b3 Qc7 17.Bb2 O-O 18.Bd3 a5 19.Bc2 Rfd8 20.Qe2 d6 21.Rad1 Ng6 22.exd6 Bxd6
23.g3 Qe7 24.h4 Ba3 25.Ba1 Nf8 26.Qe5 f6 27.Qxa5 Bc5 28.a4 e5 29.Qe1 Ne6
30.Qe4 g6 31.h5 gxh5 32.Qh4 Bd4 33.Qxh5 Bxa1 34.Rxd8+ Rxd8 35.Rxa1 Rd2 36.Be4 Ng5
37.Bxc6 Qc5 38.Bd5+ Kg7 39.Rf1 e4 40.Qg4 e3 41.fxe3 Qxe3+ 42.Kh1 Rf2 43.Rxf2 Qxf2
44.Bg2 h5 45.Qf4 Qc2 46.c5 Qxc5 47.b4 Qc3 48.b5 Qc5 49.Qb8 Qf2 50.Qc7+ Kg6
51.Qf4 Qc5 52.Kh2 Nf7 53.Qe4+ Kg7 54.Qd5 Qb4 55.Qxh5 Ne5 56.Qf5 Qxa4 57.b6 Qd1
58.b7 Ng4+ 59.Kh3 Nh6 60.Qd5 Qg4+ 61.Kh2 Qb4 62.Qd7+ Kg6 63.Kh3 Nf7 64.Qe8 Qd2
65.Qg8+ Kf5  1-0

[Event "St Cugat op"]
[Site "St Cugat"]
[Date "1995.??.??"]
[Round "8"]
[White "Cuadras, Jorge"]
[Black "Vidarte Morales, Arturo"]
[Result "1/2-1/2"]
[WhiteElo "2300"]
[BlackElo "2360"]

1.e4 c5 2.Nf3 e6 3.d4 cxd4 4.Nxd4 a6 5.Nc3 Qc7 6.Be2 b5 7.Bf3 Bb7 8.O-O d6
9.a4 b4 10.Na2 Nf6 11.Qe2 Nbd7 12.Nxb4 Ne5 13.Nd3 Nxf3+ 14.gxf3 g6 15.Be3 Bg7
16.Rfc1 O-O 17.c4 e5 18.Nc2 a5 19.Na3 Rac8 20.Nb5 Qd7 21.Bd2 Nh5 22.Bxa5 f5
23.Bd2 Nf6 24.Nc3 fxe4 25.fxe4 Qh3 26.f3 Nh5 27.Rf1 Kh8 28.b3 g5 29.Qg2 Qe6
30.Nd5 Rg8 31.Kh1 h6 32.Qg4 Qe8 33.Ne7 Nf6 34.Nxc8 Nxg4 35.Nxd6 Qe7 36.c5 Nf6
37.b4 Rd8 38.Bc3 Rxd6 39.Nxe5 Qe6 40.cxd6 Kh7 41.Rad1 Nxe4 42.d7 Nxc3 43.d8=Q Nxd1
44.Qc7 Ne3 45.Qxb7 Nxf1 46.Qe4+ Kg8 47.Nc4 Qxe4 48.fxe4 Bc3 49.b5 Nd2 50.Nd6 Be5
51.Nc8 Nxe4 52.a5 Nd6 53.Ne7+ Kf7 54.Nc6 Bf4 55.b6 Be3 56.a6 Bxb6 57.a7 Bxa7
58.Nxa7 h5 59.Nc6 Ke6 60.Kg2 Kf5 61.Ne7+ Kf4 62.Nd5+ Ke5 63.Ne7 Nb5 64.Nc6+ Ke4
65.Nd8 Nd4 66.Nf7 Ne6 67.Kg3 Kf5 68.Nd6+ Kg6 69.Nc4 Nd4 70.Ne5+ Kf5 71.Nc4 Ke4
72.Nd6+ Ke3 73.Nc4+ Ke2 74.Kg2 Nf5 75.Ne5 Ne3+ 76.Kg1 g4 77.Ng6 Ke1 78.Nf4 h4
79.Ng6 h3 80.Nf4 Nf5 81.Nd3+ Ke2 82.Nf4+ Kf3 83.Nd3 Nd4 84.Ne5+ Kf4 85.Nd3+ Ke3
86.Nb4 Nf3+ 87.Kh1 Ke2 88.Nd5 Nxh2 89.Nf4+ Kf3 90.Nxh3 Nf1 91.Ng5+ Kf4  1/2-1/2

[Event "St Petersburg Seniors"]
[Site "St Petersburg"]
[Date "1995.??.??"]
[Round "?"]
[White "Karasev, Vladimir I"]
[Black "Cherepkov, Alexander V"]
[Result "0-1"]
[WhiteElo "2385"]
[BlackElo "2415"]

1.e4 c5 2.Nf3 e6 3.Nc3 a6 4.d4 cxd4 5.Nxd4 b5 6.Bd3 Bb7 7.O-O Qc7 8.Kh1 Nf6
9.Qe2 Nc6 10.Nxc6 Qxc6 11.Bg5 Be7 12.a3 h6 13.Bh4 g5 14.Bg3 h5 15.Be5 Qc5
16.f4 gxf4 17.Bxf4 h4 18.h3 Nh5 19.e5 d5 20.Bh2 Ng3+ 21.Bxg3 hxg3 22.Rf3 d4
23.Be4 dxc3 24.Bxb7 cxb2 25.Raf1 Ra7 26.Qe4 Rh4 27.Bc6+ Kd8 28.Rd3+ Kc8 29.Qf3 Rc7
30.Be8 Kb8 31.Rfd1 Qxc2 32.Qxg3 b1=Q 33.Qf3 Qxd3  0-1

[Event "St Petersburg op"]
[Site "St Petersburg"]
[Date "1995.??.??"]
[Round "4"]
[White "Tseshkovsky, Vitaly"]
[Black "Rublevsky, Sergei"]
[Result "0-1"]
[WhiteElo "2530"]
[BlackElo "2585"]

1.e4 c5 2.Nf3 e6 3.d4 cxd4 4.Nxd4 a6 5.Nc3 Qc7 6.g3 Nf6 7.Bg2 Be7 8.O-O O-O
9.a4 Nc6 10.Nb3 d6 11.a5 Nd7 12.Ne2 Nc5 13.Nbd4 Rd8 14.Bd2 Bf6 15.Bc3 e5
16.Nxc6 Qxc6 17.Qd5 Qxd5 18.exd5 Bf5 19.Rfc1 Ne4 20.Be1 Bg5 21.f4 exf4 22.gxf4 Bf6
23.Ra4 Nc5 24.Ra2 Re8 25.Bf1 Rac8 26.Bf2 Be4 27.Nc3 Bxc3 28.bxc3 Bxd5 29.c4 Bc6
30.Ra3 Ne4 31.Be1 Re6 32.Bh3 Rg6+ 33.Kf1 Re8 34.Bh4 Nd2+ 35.Kf2 Rh6 36.Bg5 Ne4+
37.Kg1 Nxg5 38.fxg5 Rh5 39.Rg3 Re5 40.Rd1 Rxa5 41.Rxd6 g6  0-1

[Event "Chigorin mem"]
[Site "St Petersburg"]
[Date "1995.??.??"]
[Round "4"]
[White "Bigaliev, Renat"]
[Black "Shaposhnikov, Evgeny"]
[Result "1-0"]
[WhiteElo "2360"]
[BlackElo "2215"]

1.e4 c5 2.Nf3 e6 3.Nc3 a6 4.d4 cxd4 5.Nxd4 Qc7 6.g3 b5 7.Bg2 Bb7 8.O-O d6
9.Re1 Nd7 10.a4 bxa4 11.Rxa4 Be7 12.Qh5 Nc5 13.Rc4 Qd8 14.b4 Nf6 15.Qe2 Ncxe4
16.Nxe4 Bxe4 17.Bxe4 d5 18.Nc6 Qd7 19.Nxe7 Kxe7 20.Rd1 Nxe4 21.Rxe4 Qb5 22.c4  1-0

[Event "St Petersburg-ch"]
[Site "St Petersburg"]
[Date "1995.??.??"]
[Round "6"]
[White "Lukin, Andrei M"]
[Black "Kochyev, Alexander"]
[Result "1/2-1/2"]
[WhiteElo "2420"]
[BlackElo "2455"]

1.e4 c5 2.Nf3 e6 3.d4 cxd4 4.Nxd4 a6 5.Nc3 Qc7 6.Be2 Nf6 7.O-O Nc6 8.Kh1 Bb4
9.Bg5 Qd6 10.Nxc6 Qxd1 11.Nxd1 bxc6 12.e5 Nd5 13.c4 Ne7 14.a3 Ba5 15.Be3 f6
16.exf6 gxf6 17.b4 Bc7  1/2-1/2

[Event "St Petersburg-ch"]
[Site "St Petersburg"]
[Date "1995.??.??"]
[Round "10"]
[White "Yemelin, Vasily"]
[Black "Kochyev, Alexander"]
[Result "1/2-1/2"]
[WhiteElo "2515"]
[BlackElo "2455"]

1.e4 c5 2.Nf3 e6 3.d4 cxd4 4.Nxd4 a6 5.Nc3 Nc6 6.Be2 Nge7 7.Bf4 Ng6 8.Be3 Qc7
9.O-O Bd6 10.g3 Bb4 11.Nxc6 Qxc6 12.Qd4 Bxc3 13.Qxc3 Qxc3 14.bxc3 b5 15.a4 Bb7
16.axb5 axb5 17.Rxa8+ Bxa8 18.Bc5 Bxe4 19.Bxb5 f5 20.f4 Ne7 21.Ra1 Rg8 22.Ra7 Nc6
23.Rc7 g5 24.Rc8+ Kf7 25.Rxg8 Kxg8 26.fxg5 Bxc2 27.Kf2 Bd1 28.Bd6 Kf7 29.Ke3 Kg6
30.h4 h6 31.gxh6 Kxh6 32.Kf4 Bh5 33.Ba6 Be8 34.Bd3 Bh5 35.Ba6 Be8 36.Bd3 Bh5
37.c4 Kg6 38.Be5 Bd1 39.Bb2 Nb4 40.Bf1 Nc6 41.c5 Bh5 42.Ba6 Kh6 43.Bc8 Be8
44.g4 Ne7 45.Ba6 Nd5+ 46.Kg3 fxg4 47.Kxg4 Bh5+ 48.Kg3 Ne7 49.Bf6 Nc6 50.Bg5+ Kg7
51.Bc1 Kf6 52.Bc8 Be8 53.Kf4 e5+ 54.Kg4 Nd4 55.h5 Ne6 56.Be3 Nf4 57.h6 Nd5
58.Bg5+ Kg6 59.Bb7 Bf7 60.Kh4 Be6 61.Bc8 Nb4 62.Bd2 Nc6 63.Bb7 Nd4 64.Be4+ Bf5  1/2-1/2

[Event "Stockholm op"]
[Site "Stockholm"]
[Date "1995.??.??"]
[Round "3"]
[White "Kyhle, Bo"]
[Black "Wallace, John Paul"]
[Result "1/2-1/2"]
[WhiteElo "2265"]
[BlackElo "2405"]

1.e4 c5 2.Nf3 e6 3.Nc3 a6 4.d4 cxd4 5.Nxd4 d6 6.Be2 Nf6 7.O-O Be7 8.Be3 O-O
9.f4 Qc7 10.Kh1 b5 11.e5 dxe5 12.fxe5 Qxe5 13.Bf4 Qc5 14.Bf3 e5 15.Bxa8 exf4
16.Nb3 Qa7 17.Bf3 Be6 18.Re1 Rd8 19.Qe2 b4 20.Ne4 Nd5 21.Rad1 Nc6 22.Ng5 Bxg5
23.Rxd5 Bf6 24.Rxd8+ Nxd8 25.Qd2 a5 26.Rd1 g5 27.Nd4 Qc5 28.b3 Bc8 29.Qe2 Kg7
30.Qc4 Qe7 31.Qxc8 Bxd4 32.Qf5 Ne6 33.Be4 Qf6 34.Qxh7+ Kf8 35.Qf5 Kg7 36.Qh7+ Kf8
37.Qf5 Kg7 38.Qh7+ Kf8  1/2-1/2

[Event "Strumica"]
[Site "Strumica"]
[Date "1995.??.??"]
[Round "18"]
[White "Azmaiparashvili, Zurab"]
[Black "Kurajica, Bojan"]
[Result "1-0"]
[WhiteElo "2610"]
[BlackElo "2585"]

1.e4 c5 2.Nf3 e6 3.d4 cxd4 4.Nxd4 a6 5.Nc3 Qc7 6.Bd3 Nc6 7.Be3 Nf6 8.O-O Bd6
9.f4 Nxd4 10.e5 Bc5 11.exf6 Nxc2 12.fxg7 Bxe3+ 13.Kh1 Rg8 14.Qxc2 Rxg7 15.Rae1 Bxf4
16.Rxf4 Qxf4 17.Nd5 Qh4 18.Re4 Rg4 19.g3 Qg5 20.Nc7+ Kd8 21.Nxa8 Rxe4 22.Bxe4 Qa5
23.Qc3 Qxc3 24.bxc3 d5 25.Bxh7 b5 26.Nb6 Bb7 27.Kg1 Kc7 28.h4 d4 29.h5 dxc3
30.Bc2 f5 31.h6 Be4 32.h7  1-0

[Event "SVK-chT"]
[Site "?"]
[Date "1995.??.??"]
[Round "?"]
[White "Privara, Igor"]
[Black "Goban, Marek"]
[Result "1-0"]
[WhiteElo "2270"]
[BlackElo "2205"]

1.e4 c5 2.Nf3 e6 3.d4 cxd4 4.Nxd4 a6 5.Nc3 Qc7 6.g3 b5 7.Bg2 Bb7 8.O-O Nf6
9.Re1 d6 10.a4 bxa4 11.Nd5 Qd8 12.Nxf6+ gxf6 13.Rxa4 Nd7 14.Qh5 Nc5 15.Rc4 e5
16.b4 exd4 17.bxc5 Qa5 18.Qe2 dxc5 19.e5 O-O-O 20.Bxb7+ Kxb7 21.Bd2 Qb5 22.Qf3+ Ka7
23.Qxf6 Qxc4 24.Qxd8 Qa2 25.Ba5 Qb2 26.Qf6 Qb5 27.Bd2  1-0

[Event "SVK-chT"]
[Site "?"]
[Date "1995.??.??"]
[Round "?"]
[White "Kalisky, Vladimir"]
[Black "Banas, Jan"]
[Result "0-1"]
[WhiteElo "2215"]
[BlackElo "2390"]

1.e4 c5 2.Nf3 e6 3.d4 cxd4 4.Nxd4 a6 5.Nc3 Qc7 6.f4 b5 7.Be3 Bb7 8.Qd3 Nc6
9.Be2 Nf6 10.Bf3 Rc8 11.O-O-O Be7 12.Rd2 Nb4 13.Qe2 d5 14.e5 Ne4 15.Bxe4 dxe4
16.a3 Nd5 17.Nxe4 O-O 18.Nb3 b4 19.Bc5 Nxf4 20.Qf3 Bxe4 21.Qxe4 Bxc5 22.Qxf4 bxa3
23.Kb1 axb2 24.Rhd1 a5 25.Rd7 Qb6 26.Rf1 Rc7 27.Qa4 Bb4 28.Nd4 Qb7 29.Rxc7 Qxc7
30.Nf3 Bc3 31.Qe4 h6 32.g4 Qc5 33.Qa4 Rd8 34.Qb3 a4 35.Qxa4 Qd5 36.Qb3 Qd1+  0-1

[Event "SWZ-chT"]
[Site "SWZ"]
[Date "1995.??.??"]
[Round "2"]
[White "Bichsel, Walter"]
[Black "Costa, Jean Luc"]
[Result "0-1"]
[WhiteElo "2305"]
[BlackElo "2440"]

1.e4 c5 2.Nf3 e6 3.Nc3 a6 4.d4 cxd4 5.Nxd4 Qc7 6.f4 b5 7.Be2 Bb7 8.Bf3 Nc6
9.Nxc6 Bxc6 10.O-O Bc5+ 11.Kh1 b4 12.Ne2 Nf6 13.Ng3 h5 14.e5 h4 15.Nf5 Ne4
16.Nxg7+ Kf8 17.Nh5 Qb7 18.Qe2 Nf2+ 19.Rxf2 Bxf2 20.Qxf2 Bxf3 21.Nf6 Be4
22.Be3 Rc8 23.Bc5+ Kg7 24.h3 Bg6 25.Rc1 Bf5 26.Kh2 Rh6 27.c3 bxc3 28.bxc3 Rg6
29.Rg1 Rb8 30.Qxh4 Rh6 31.Nh5+ Kh7 32.Qe7 d5 33.Qxb7 Rxb7 34.g4 Be4 35.Nf6+ Kg7
36.Nxe4 dxe4 37.Re1 Rb2+ 38.Kg3 Rc2 39.Bb4 Rd2 40.Re3 Rh8 41.h4 Rd3 42.Rxd3 exd3
43.c4 Rb8 44.Bc3 Rc8 45.Kf3 Rxc4 46.Bd2 Ra4 47.Ke3 Rxa2 48.Kxd3 a5 49.h5 a4
50.f5 a3 51.fxe6 fxe6 52.Bb4 Rg2  0-1

[Event "AUS-ch"]
[Site "Sydney"]
[Date "1995.??.??"]
[Round "2"]
[White "Solomon, Stephen J"]
[Black "Fuller, Maxwell L"]
[Result "1/2-1/2"]
[WhiteElo "2400"]
[BlackElo "2275"]

1.e4 c5 2.Nf3 e6 3.d4 cxd4 4.Nxd4 a6 5.Nc3 Qc7 6.g3 Nc6 7.Bg2 Nf6 8.O-O Be7
9.Re1 d6 10.Nxc6 bxc6 11.Na4 e5 12.c4 Be6 13.b3 O-O 14.Bb2 Nd7 15.Qd2 a5
16.Rad1 Rfb8 17.f4 f6 18.Ba3 Nc5 19.Bxc5 dxc5 20.Qf2 Qa7 21.Qf1 Rd8 22.Bh3 Bf7
23.fxe5 fxe5 24.Qf5 Qc7 25.Rd7 Rxd7 26.Qxd7 Qxd7 27.Bxd7 Rd8 28.Nb6 Bg5 29.h4 Bd2
30.Rf1 a4 31.Bxc6 axb3 32.axb3 Rd3 33.Kg2 Rxb3 34.Nd7 g5 35.Nxe5 Bg6 36.Nxg6 hxg6
37.Be8 gxh4 38.gxh4 Kg7 39.Rf7+ Kh6 40.Rf6 Kh5 41.Rxg6 Kxh4 42.e5 Bf4 43.Rc6 Bxe5
44.Rxc5 Rg3+ 45.Kf1 Re3 46.Rc8 Bd4 47.Bc6 Re5 48.Rg8 Bc5 49.Bf3 Kh3 50.Be2 Bb4
51.Kf2 Bc5+ 52.Ke1 Bb4+ 53.Kd1 Kh4 54.Bd3 Rg5 55.Rb8 Bc5 56.Rb7 Kg3 57.Rf7 Bd4
58.Kc2 Rg7 59.Rf8 Rd7 60.Be4 Re7 61.Kd3 Bc5 62.Rf5 Rd7+ 63.Kc3 Rc7 64.Kb3 Kg4
65.Ka4 Bd4 66.Kb5 Re7 67.Bc2  1/2-1/2

[Event "Tampere op"]
[Site "Tampere"]
[Date "1995.??.??"]
[Round "?"]
[White "Kiltti, Jyrki"]
[Black "Pyhala, Antti"]
[Result "0-1"]
[WhiteElo "2225"]
[BlackElo "2350"]

1.e4 c5 2.Nf3 e6 3.d4 cxd4 4.Nxd4 a6 5.Nc3 Qc7 6.Be2 b5 7.a3 Bb7 8.Bg5 Nf6
9.Bxf6 gxf6 10.Bh5 Rg8 11.Qf3 Qe5 12.O-O-O b4 13.axb4 Bxb4 14.Na4 Bxe4 15.Qb3 Nc6
16.Nxc6 Bxc6 17.Qxb4 Qxh5 18.Nb6 Rb8 19.Rd2 Qb5  0-1

[Event "Tel Aviv ASA"]
[Site "Tel Aviv"]
[Date "1995.??.??"]
[Round "3"]
[White "Sutovskij, Emil"]
[Black "Manor, Ilan"]
[Result "1-0"]
[WhiteElo "2530"]
[BlackElo "2500"]

1.e4 c5 2.Nf3 e6 3.Nc3 a6 4.d4 cxd4 5.Nxd4 Qc7 6.g3 Bb4 7.Bd2 Nc6 8.Nb3 Nf6
9.Bg2 Be7 10.f4 d6 11.a4 b6 12.O-O Bb7 13.g4 g5 14.e5 dxe5 15.fxg5 Nd7 16.Ne4 Rf8
17.a5 b5 18.c3 Nd8 19.Be3 Bc6 20.Qf3 h6 21.gxh6 Bd5 22.Nbd2 Nb7 23.h7 O-O-O
24.Bh6 Rh8 25.Qxf7 Ndc5 26.Be3 Nd6 27.Nxd6+ Bxd6 28.Qxc7+ Kxc7 29.b4 Nd7
30.Rf7 Kc6 31.Ne4 Bb8 32.Bg5 Rdf8 33.Raf1 Rxf7 34.Rxf7  1-0

[Event "JUG-chT"]
[Site "Tivat"]
[Date "1995.??.??"]
[Round "2"]
[White "Tseshkovsky, Vitaly"]
[Black "Abramovic, Bosko"]
[Result "0-1"]
[WhiteElo "2540"]
[BlackElo "2480"]

1.e4 c5 2.Nf3 e6 3.Nc3 a6 4.d4 cxd4 5.Nxd4 Nc6 6.Be2 Qc7 7.O-O Nf6 8.Be3 Be7
9.f4 d6 10.Qe1 O-O 11.Qg3 Nxd4 12.Bxd4 b5 13.Bf3 Bb7 14.e5 dxe5 15.fxe5 Nd7
16.Bxb7 Qxb7 17.Rae1 Rac8 18.Ne4 Rxc2 19.Qd3 Rc4 20.b3 Rcc8 21.Nf6+ Nxf6
22.exf6 Bb4 23.Re4 Rfd8 24.Rh4 g6 25.Qh3 Rc2 26.Rxh7 Qxg2+ 27.Qxg2 Rxg2+
28.Kxg2 Kxh7 29.Rf4 Rd5 30.Rh4+ Rh5 31.Re4 Bd6 32.h3 Rg5+ 33.Kf2 Rf5+ 34.Ke3 e5
35.Bc3 Rxf6 36.Bxe5 Bxe5 37.Rxe5 Re6 38.Rxe6 fxe6 39.Kd4 Kg7 40.Ke5 Kf7 41.a4 bxa4
42.bxa4 a5  0-1

[Event "JUG-chT"]
[Site "Tivat"]
[Date "1995.??.??"]
[Round "3"]
[White "Savanovic, Aleksandar"]
[Black "Pikula, Dejan"]
[Result "1/2-1/2"]
[WhiteElo "2350"]
[BlackElo "2455"]

1.e4 c5 2.Nf3 e6 3.d4 cxd4 4.Nxd4 a6 5.Nc3 Qc7 6.Be2 Nf6 7.O-O d6 8.f4 b5
9.Bf3 Bb7 10.e5 dxe5 11.fxe5 Nfd7 12.Bxb7 Qxb7 13.Qh5 g6 14.Qh4 Bc5 15.Kh1 O-O
16.Bh6 Bxd4 17.Qxd4 Nc6 18.Qf4 Ncxe5 19.Ne4 f5 20.Bxf8 Rxf8 21.Ng5 Re8 22.Rfe1 h6
23.Nf3 g5 24.Qg3 Nf7 25.Nd4 Nc5 26.Re2 Ne4 27.Qh3 Kg7 28.Rae1 Qd5 29.c3 Kg6
30.Kg1 g4 31.Qe3 Neg5 32.Qf4 Qc5 33.Qe3 Qd5 34.Qf4 Qc5 35.Qe3 Qd5 36.Qf4  1/2-1/2

[Event "JUG-chT"]
[Site "Tivat"]
[Date "1995.??.??"]
[Round "3"]
[White "Dabetic, Radojica"]
[Black "Solak, Dragan"]
[Result "1/2-1/2"]
[WhiteElo "2370"]
[BlackElo "2240"]

1.e4 c5 2.Nf3 e6 3.d4 cxd4 4.Nxd4 a6 5.Nc3 Qc7 6.g3 Nc6 7.Bg2 Nf6 8.O-O Bc5
9.Bf4 Ne5 10.Na4 Ba7 11.c4 d6 12.Rc1 Bd7 13.Nc3 Rd8 14.b3 h6 15.h3 Bc5 16.Be3 O-O
17.Qd2 Qb8 18.f4 Nc6 19.Kh2 Nxd4 20.Bxd4 Bxd4 21.Qxd4 Bc6 22.Rfd1 Rd7 23.Nd5 exd5
24.exd5 Bxd5 25.Bxd5 Nxd5 26.Qxd5 Re8 27.Rc2 Re6 28.Rg2 Qe8 29.Rdd2 g6 30.h4 Qe7
31.Rgf2 Qf6 32.Qd4 Qf5 33.Qd3 Qc5 34.f5 Rf6 35.Qe4 Kg7 36.g4 Qc7 37.Kg2 Re7
38.Qd4 Re5 39.Rd3 Qc6+ 40.Kg3 Qh1 41.Rd1 Re3+ 42.Qxe3 Qxd1 43.Rd2 Qf1 44.Qf2 Qa1
45.Rd5 h5 46.gxh5 gxf5 47.Rxf5  1/2-1/2

[Event "JUG-chT"]
[Site "Tivat"]
[Date "1995.??.??"]
[Round "6"]
[White "Damjanovic, Vladimir"]
[Black "Martinovic, Slobodan"]
[Result "1/2-1/2"]
[WhiteElo "2435"]
[BlackElo "2445"]

1.e4 c5 2.Nf3 e6 3.Nc3 a6 4.d4 cxd4 5.Nxd4 Qc7 6.f4 b5 7.Be2 Bb7 8.Bf3 d6
9.O-O Nd7 10.Kh1 Ngf6 11.e5 dxe5 12.fxe5 Nxe5  1/2-1/2

[Event "JUG-chT"]
[Site "Tivat"]
[Date "1995.??.??"]
[Round "7"]
[White "Ivanovic, Bozidar"]
[Black "Rublevsky, Sergei"]
[Result "0-1"]
[WhiteElo "2495"]
[BlackElo "2595"]

1.e4 c5 2.Nf3 e6 3.d4 cxd4 4.Nxd4 a6 5.Nc3 Qc7 6.Be2 Nf6 7.O-O Bb4 8.Qd3 Nc6
9.Kh1 O-O 10.Bg5 Bxc3 11.bxc3 Qe5 12.f4 Qxe4 13.Qh3 Qg6 14.Bd3 Ne4 15.Nxc6 bxc6
16.Be7 Re8 17.Bd6 c5 18.Bxc5 Bb7 19.Bd4 f5 20.Rae1 d6 21.Rb1 Qf7 22.Rb6 Rad8
23.Qh4 Rd7 24.h3 e5 25.fxe5 g5 26.Qe1 dxe5  0-1

[Event "JUG-chT"]
[Site "Tivat"]
[Date "1995.??.??"]
[Round "8"]
[White "Micic, Cedomir"]
[Black "Solak, Dragan"]
[Result "1-0"]
[WhiteElo "2350"]
[BlackElo "2240"]

1.e4 c5 2.Nf3 e6 3.d4 cxd4 4.Nxd4 a6 5.Nc3 Qc7 6.Be2 Nf6 7.O-O b5 8.Bf3 e5
9.Nf5 d6 10.Bg5 Nbd7 11.a4 b4 12.Nd5 Nxd5 13.Qxd5 Nb6 14.Qd2 a5 15.Rfd1 Bxf5
16.exf5 Rc8 17.f6 h6 18.Bh4 g5 19.Bg3 Qxc2 20.Qe3 Qc5 21.Rac1 Qxe3 22.Rxc8+ Nxc8
23.fxe3 h5 24.Bxe5 g4 25.Bb7 Bh6 26.Bd4 Kd7 27.Bd5 Re8 28.Kf2 Bg5 29.Rc1 Re6
30.Bb7 Bxe3+ 31.Bxe3 Rxf6+ 32.Kg1 Ne7 33.Bb6 Rf5 34.Ba6  1-0

[Event "JUG-chT"]
[Site "Tivat"]
[Date "1995.??.??"]
[Round "9"]
[White "Cabarkapa, Velibor"]
[Black "Solak, Dragan"]
[Result "0-1"]
[WhiteElo "2355"]
[BlackElo "2240"]

1.e4 c5 2.Nf3 e6 3.d4 cxd4 4.Nxd4 a6 5.Nc3 Qc7 6.Be2 Nf6 7.O-O d6 8.f4 Be7
9.Bf3 O-O 10.Be3 e5 11.Nde2 b5 12.Nd5 Nxd5 13.exd5 Bf6 14.fxe5 Bxe5 15.Nd4 Nd7
16.c3 Nb6 17.Qd3 Nc4 18.Bc1 Bxd4+ 19.Qxd4 Bd7 20.b3 Ne5 21.Bf4 Rfe8 22.Kh1 Rac8
23.Rac1 Qc5 24.Qd2 f6 25.Bh5 Re7 26.Be3 Qc7 27.Bd4 Be8 28.Be2 Qa5 29.Qb2 Bg6
30.Rfd1 Rce8 31.Rd2 Nd7 32.h3 Qc7 33.Bf3 Nc5 34.Qa3 Nd3 35.Rcd1 Re1+ 36.Kh2 Rxd1
37.Rxd1 a5 38.h4 h6 39.Rd2 Qe7 40.Re2 Qd8 41.Rxe8+ Bxe8 42.Be4 b4 43.cxb4 f5
44.Bxf5 Qxh4+ 45.Bh3 Qf4+ 46.Kh1 Qxd4 47.Be6+ Bf7 48.Qa4 Bxe6 49.Qe8+ Kh7
50.dxe6 Nf2+ 51.Kh2 Qh4+ 52.Kg1 Ng4 53.Qf7 Qe1+ 54.Qf1 Qxf1+ 55.Kxf1 axb4
56.e7 Nf6  0-1

[Event "JUG-chT"]
[Site "Tivat"]
[Date "1995.??.??"]
[Round "10"]
[White "Knezevic, Bojan"]
[Black "Solak, Dragan"]
[Result "1-0"]
[WhiteElo "2340"]
[BlackElo "2240"]

1.e4 c5 2.Nf3 e6 3.d4 cxd4 4.Nxd4 a6 5.Nc3 Qc7 6.f4 d6 7.Be2 Nf6 8.O-O Be7
9.Qe1 b5 10.a3 Bb7 11.Bf3 Nbd7 12.g4 Nb6 13.g5 Nfd7 14.Kh1 O-O 15.f5 exf5
16.Nxf5 Rfe8 17.Qg3 Ne5 18.Bg2 Bf8 19.Be3 Na4 20.Nxa4 bxa4 21.Bd4 g6 22.Nh6+ Bxh6
23.gxh6 Qc4 24.c3 Qe2 25.Rae1 Qh5 26.Qf4 f5 27.Re3 Bxe4 28.Bxe4 fxe4 29.Qxe4 Rf8
30.Qd5+ Kh8 31.Rxf8+ Rxf8 32.Rxe5 Rf1+ 33.Kg2  1-0

[Event "Toronto op"]
[Site "Toronto"]
[Date "1995.??.??"]
[Round "7"]
[White "Findlay, Ian T"]
[Black "Jung, Hans Rudolf"]
[Result "1-0"]
[WhiteElo "2345"]
[BlackElo "2245"]

1.e4 c5 2.Nf3 e6 3.d4 cxd4 4.Nxd4 a6 5.Nc3 b5 6.Bd3 Bb7 7.O-O Qc7 8.Qe2 Nc6
9.Nxc6 dxc6 10.a4 b4 11.Nb1 Nf6 12.Nd2 Bd6 13.h3 e5 14.Nc4 Bc5 15.Be3 Bxe3
16.Qxe3 O-O 17.Qc5 Rfe8 18.Qxb4 Nh5 19.Qd6 Qb8 20.Qxb8 Raxb8 21.Rfd1 Nf4
22.Bf1 Bc8 23.b3 f6 24.Nd6 Re7 25.Nxc8 Rxc8 26.g3 Ng6 27.Bxa6 Ra8 28.Bc4+ Kf8
29.Rd6 Rc7 30.Rad1 Ke7 31.Re6+ Kf8 32.h4 Nh8 33.Rdd6 c5 34.Rc6 Rac8 35.Rxc7 Rxc7
36.Rb6 Ke7 37.Rb8 Nf7 38.Rg8 Nd6 39.Rxg7+ Kd8 40.Rg8+ Ke7 41.Bd5 Nc8 42.Kg2 Kd6
43.Rf8  1-0

[Event "FRA-chB"]
[Site "Toulouse"]
[Date "1995.??.??"]
[Round "2"]
[White "Claverie, Christophe"]
[Black "Gilles, Raphael"]
[Result "1-0"]
[WhiteElo "2305"]
[BlackElo "2235"]

1.e4 c5 2.Nf3 e6 3.d4 cxd4 4.Nxd4 a6 5.Nc3 Qc7 6.g3 Nf6 7.Bg2 Nc6 8.O-O Be7
9.Nb3 O-O 10.Qe2 Re8 11.a4 d6 12.a5 Nd7 13.Be3 Nce5 14.Na4 Nc4 15.Bd4 Bf6
16.Bxf6 Nxf6 17.Qe1 Nxb2 18.Nb6 Rb8 19.Qb4 d5 20.Nd2 Nc4 21.Nbxc4 dxc4 22.Nxc4 Bd7
23.Nd6 Red8 24.e5 Nd5 25.Qd2 Bb5 26.c4 Bxc4 27.Rfc1 b5 28.axb6 Nxb6 29.Qf4  1-0

[Event "FRA-chB"]
[Site "Toulouse"]
[Date "1995.??.??"]
[Round "2"]
[White "Rouchouse, Stevens"]
[Black "Spielmann, Alain"]
[Result "0-1"]
[WhiteElo "2190"]
[BlackElo "2270"]

1.e4 c5 2.Nf3 e6 3.d4 cxd4 4.Nxd4 a6 5.Nc3 Qc7 6.g3 Nf6 7.Bg2 Bb4 8.Ne2 Be7
9.O-O d6 10.h3 O-O 11.Nf4 Nc6 12.Nd3 b5 13.a3 Bb7 14.g4 d5 15.exd5 Nxd5 16.Nxd5 exd5
17.Bxd5 Rad8 18.Bg2 Nd4 19.Bf4 Bd6 20.Bxd6 Rxd6 21.c3 Bxg2 22.cxd4 Bxf1 23.Qxf1 Rxd4
24.Rc1 Rc4  0-1

[Event "Trelew Clarin-GP"]
[Site "Trelew"]
[Date "1995.??.??"]
[Round "9"]
[White "Pierrot, Facundo"]
[Black "Panno, Oscar"]
[Result "1/2-1/2"]
[WhiteElo "2385"]
[BlackElo "2510"]

1.e4 c5 2.Nf3 e6 3.d4 cxd4 4.Nxd4 a6 5.Nc3 Qc7 6.Be2 Nc6 7.Be3 Nf6 8.O-O Be7
9.f4 d6 10.a4 O-O 11.Qe1 Bd7 12.Qg3 Kh8 13.Rad1 Rac8 14.Kh1 Rg8 15.Nf3  1/2-1/2

[Event "SVK-ch"]
[Site "Trencin"]
[Date "1995.??.??"]
[Round "2"]
[White "Blazkova, Petra"]
[Black "Movsesian, Sergei"]
[Result "0-1"]
[WhiteElo "2200"]
[BlackElo "2470"]

1.e4 c5 2.Nf3 e6 3.d4 cxd4 4.Nxd4 a6 5.Nc3 Qc7 6.g3 Nf6 7.Bg2 Be7 8.O-O O-O
9.Re1 d6 10.a4 Nc6 11.Nb3 b6 12.Qe2 Bb7 13.f4 Nb4 14.Be3 Rac8 15.Rad1 d5
16.f5 Nxe4 17.Nxe4 dxe4 18.fxe6 fxe6 19.Bh3 Bd5 20.Nd4 Qe5 21.b3 Rc3 22.Bf4 Qf6
23.Rf1 Qg6 24.Bd2 Rcf3 25.Nxf3 exf3 26.Qe5 Nc6 27.Qe1 Nd4 28.Rf2 Ne2+ 29.Kf1 Qh5  0-1

[Event "SVK-ch"]
[Site "Trencin"]
[Date "1995.??.??"]
[Round "7"]
[White "Movsesian, Sergei"]
[Black "Priehoda, Vitezslav"]
[Result "1/2-1/2"]
[WhiteElo "2470"]
[BlackElo "2365"]

1.e4 c5 2.Nc3 e6 3.Nf3 a6 4.d4 cxd4 5.Nxd4 Qc7 6.Be2 b5 7.a3 Bb7 8.O-O Nf6
9.Qd3 Nc6 10.Nxc6 dxc6 11.f4 c5 12.e5 c4 13.Qh3 Ne4 14.Nd1 Bc5+ 15.Be3 Rd8
16.Nf2 O-O 17.Rad1 Nxf2 18.Kxf2 Qb6 19.Rxd8 Rxd8 20.Rd1 Rxd1  1/2-1/2

[Event "Velden op"]
[Site "Velden"]
[Date "1995.??.??"]
[Round "3"]
[White "Neulinger, Manfred"]
[Black "Suetin, Alexey S"]
[Result "1-0"]
[WhiteElo "2285"]
[BlackElo "2445"]

1.e4 c5 2.Nf3 e6 3.d4 cxd4 4.Nxd4 a6 5.Nc3 Qc7 6.g3 Nc6 7.Bg2 d6 8.O-O Bd7
9.a4 Nf6 10.Nxc6 Bxc6 11.a5 Be7 12.Be3 O-O 13.Bb6 Qb8 14.Re1 Nd7 15.Bd4 Qc7
16.Nd5 Bxd5 17.exd5 e5 18.Bc3 f5 19.Ra4 Rac8 20.Bh3 g6 21.g4 Nc5 22.Rc4 b5
23.axb6 Qxb6 24.gxf5 gxf5 25.Qh5 Ne4 26.Rexe4 fxe4 27.Qg4+ Kh8 28.Rxc8 Qxf2+
29.Kh1 e3 30.Rxf8+ Bxf8 31.Qf5  1-0

[Event "Vienna op"]
[Site "Vienna"]
[Date "1995.??.??"]
[Round "1"]
[White "Sevo, Igor"]
[Black "Rotstein, Arkadij"]
[Result "0-1"]
[WhiteElo "2160"]
[BlackElo "2485"]

1.e4 c5 2.Nf3 e6 3.d4 cxd4 4.Nxd4 a6 5.Nc3 Qc7 6.g3 b5 7.a3 Bb7 8.Bg2 Nc6
9.O-O Nf6 10.Bf4 e5 11.Nxc6 dxc6 12.Be3 Be7 13.Qe2 O-O 14.Rfd1 a5 15.f3 Nd7
16.Qf2 Rfb8 17.Bh3 Bc8 18.Ne2 Nf8 19.Bxc8 Qxc8 20.Bc5 Qc7 21.Rd3 Ne6 22.Bxe7 Qxe7
23.Rad1 Rb7 24.Qe3 h6 25.f4 Nc5 26.Rd6 Na4 27.b3 Nb6 28.Rxc6 Nd7 29.Qc3 Re8
30.Rc7 Rxc7 31.Qxc7 Nf6 32.Qxe7 Rxe7 33.Nc3 exf4 34.Nd5 Rxe4 35.Nxf6+ gxf6
36.Rd5 fxg3 37.Rxb5 gxh2+ 38.Kxh2 Re2+ 39.Kg1 a4 40.Rc5 Re3 41.Rb5 Re1+ 42.Kf2 Rc1
43.bxa4 Rxc2+ 44.Kf3 Rc3+ 45.Kf4 Rxa3 46.Rb8+ Kg7 47.Ra8 h5 48.a5 h4 49.Kg4 h3
50.Rb8 h2 51.Rb1 Ra4+  0-1